LEADER 01272nam a2200265 4500 001 000000352897 003 CaOOAMICUS 005 20230208114602.0 008 230208s2018 it a 000 u ita r 022 $a17215269 040 $aSeMil$bita 245 00$aSisto 5. il leone rampante /$c[Erina Russo De Caro]. 264 1$a[S.l. :$bs.n.],$c2018$e(Ancona :$fConsiglio regionale assemblea legislativa delle Marche) 300 $a466 p. :$bill. ;$c21 cm 500 $aNumero della rivista "Quaderni del Consiglio regionale delle Marche", anno XXIII, n. 255 600 04$aSisto V .$0(OLS)http://semarc/subject/4801 650 4$aChiesa - Storia - Sec. 16.$0(OLS)http://semarc/subject/5433 700 1 $aRusso de Caro, Erina.$0(OLS)http://semarc/name/117125 830 0$aQuaderni del Consiglio regionale delle Marche ;$v255.$0(OLS)http://semarc/title/426871 850 $aSeMil 852 $aSeMil$W1$xVenegono$y1$pPDF disponibile nella cartella TESTI ONLINE sulla Rete del Seminario$B244113$CSeMilBibl$Z2$F244113 $8I 996 $6022$a17215269$9(OLS)http://semarc/number/294489 996 $6245$aSisto 5. il leone rampante$9(OLS)http://semarc/title/442844 996 $6264$a[S.l. :$bs.n.]$9(OLS)http://semarc/publisher/29751 LEADER 00981nam a2200205 i 4500 001 000000012076 003 CaOOAMICUS 005 20180830125441.0 008 180830s1823 it u000 u ita u 040 $aSeMil$bita 245 10$aIndice delle leggi, degli editti, avvisi ed ordini ec. pubblicati nello stato di Milano dai diversi governi intermedii dal 1765 al 1821. 260 $aMilano :$bDalla Stamperia Rivolta,$c1823. 300 $a2 v. ;$cfol. 500 $aLegati insieme i 2 vol. 650 4$aMilano (Ducato) - Legislazione - 1765-1821.$0(OLS)http://semarc/subject/44766 710 2 $aRivolta .$0(OLS)http://semarc/name/40788 774 0 $tVolume 1.$g1$w()98866 774 0 $tVolume 2.$g2$w()255982 996 $6245$aIndice delle leggi, degli editti, avvisi ed ordini ec. pubblicati nello stato di Milano dai diversi governi intermedii dal 1765 al 1821$9(OLS)http://semarc/title/401352 996 $6260$aMilano :$bDalla Stamperia Rivolta$9(OLS)http://semarc/publisher/55957